Music Quiz

Random Music or Artist Quiz

First/Last Tracks of Classic Albums Quiz Stats

Quiz Updated Jul 1, 2015

Challenge
Share
Tweet
Embed
Score 0/30 Timer 06:00
0 Plays Today
First Track Album Title % Correct
Black DogLed Zeppelin IV (Led Zeppelin)
82.1%
Break on ThroughThe Doors (The Doors)
76.1%
Where the Streets Have No NameThe Joshua Tree (U2)
72.8%
Wouldn't It Be NicePet Sounds (The Beach Boys)
70.5%
TaxmanRevolver (The Beatles)
70.3%
Hell's BellsBack in Black (AC/DC)
66.1%
Blitzkrieg BopRamones (Ramones)
64.3%
Thunder RoadBorn to Run (Bruce Springsteen)
57.7%
Brown SugarSticky Fingers (The Rolling Stones)
56.1%
Speak to MeDark Side of the Moon (Pink Floyd)
51.8%
Second Hand NewsRumours (Fleetwood Mac)
50.3%
Rainy Day Women #12 and 35Blonde on Blonde (Bob Dylan)
43.1%
War PigsParanoid (Black Sabbath)
40.2%
I Feel the Earth MoveTapestry (Carole King)
38.5%
...And the Gods Made LoveElectric Ladyland (Jimi Hendrix Experience)
35.1%
First Track Album Title % Correct
Five YearsThe Rise and Fall of Ziggy Stardust and the Spiders from Mars (David Bowie)
34.9%
AirbagOK Computer (Radiohead)
32.1%
Funeral For a Friend/Love Lies BleedingGoodbye Yellow Brick Road (Elton John)
30.7%
The Boy in the BubbleGraceland (Paul Simon)
29%
Holidays in the SunNever Mind the Bollocks, Here's the Sex Pistols (The Sex Pistols)
28.6%
Red RainSo (Peter Gabriel)
27.7%
Radio Free EuropeMurmur (R.E.M.)
25.4%
OvertureTommy (The Who)
24.7%
And It Stoned MeMoondance (Van Morrison)
22.6%
Tears of RageMusic from Big Pink (The Band)
14.9%
Too HighInnervisions (Stevie Wonder)
13.8%
All I WantBlue (Joni Mitchell)
12.4%
Carry OnDéjà vu (Crosby, Stills, Nash and Young)
11%
Countdown to ArmageddonIt Takes a Nation of Millions to Hold Us Back (Public Enemy)
9.9%
I Looked AwayLayla and Other Assorted Love Songs (Derek and the Dominos)
8.7%

You're not logged in!

Compare scores with friends on all Sporcle quizzes.
Sign Up with Email
OR
Log In

You Might Also Like...

Show Comments

Extras

Top Quizzes Today


Score Distribution

Your Account Isn't Verified!

In order to create a playlist on Sporcle, you need to verify the email address you used during registration. Go to your Sporcle Settings to finish the process.